000 00990nas a2200277 4500
001 BR2012002683
003 BR-BrBNA
005 20231205120438.0
007 ta
008 230509b bl.|||p| |||| 00| 00por d
040 _aBR-BrBNA
_bpor
_cBiblioteca Nacional de Agricultura
041 _a(En)
072 _aL40
100 1 _aAlmeida, L.
100 1 _aCampos, R.
245 1 _aSystematization, description and territory of the caudal cerebral artery of the brain in broad-snouted Caiman (Caiman latirostris)
246 1 _aSystematization, description and territory of the caudal cerebral artery of the brain in broad-snouted Caiman (Caiman latirostris)
650 _aJACARÉ
650 _aARTÉRIA
650 _aCÉREBRO
650 _aMORFOLOGIA ANIMAL
650 _aANATOMIA ANIMAL
773 0 _tPesquisa Veterinária Brasileira (Brazil)
_xISSN 0100-736X
_g(Sep 2011), v. 31(9) p. 817-822
_wBR2012002683
909 _a202311
_bLúcia
_c55
_dLúcia Elande
942 _2AGRIS
_n0
_cANA
999 _c218535
_d218535